Cambio estructural y reformas institucionales en la agricultura de América Latina y El Caribe /

Guardado en:
Bibliografiske detaljer
Hovedforfatter: Villasuso, Juan Manuel
Format: Texto
Tags: Tilføj Tag
Ingen Tags, Vær først til at tagge denne postø!

MARC

LEADER 00000 a a2200000 04500
001 47834
003
040
100 |a Villasuso, Juan Manuel  
245 |a Cambio estructural y reformas institucionales en la agricultura de América Latina y El Caribe /  |c Juan Manuel Villasuso  
773 |a número43, (1993)  
999 |c 23595  |d 23595